000 01282nam0a2200385 4500
001 RU\NLR\bibl\235337
005 20260405103907.0
010 _a5-8318-0047-4
_95000
021 _aRU
_b2001-41551
_91974
035 _a(NLR Aleph) 000231264
090 _a1345950
_c1345950
100 _a20020212d2001 |||y0rusy50 ca
101 1 _arus
102 _aRU
105 _aa |||||||||
200 1 _aОткровение
_e[Видения нашей окончат. победы во Христе
_eПеревод]
_fДэвид Йонгги Чо
210 _aТомск
_cЛого
_d2001
215 _a232,[1] с.
_d20
606 0 _aЕвангелизм
_92071114
_3RU\NLR\auth\661245861
606 0 _aЕвангелизация
_92082319
_3RU\NLR\auth\661258340
606 0 _aОткровение (религиоз.)
606 0 _aХристианство
675 _a284
_v3
_zrus
686 _a21.15
_2rugasnti
686 _a86.376
_2rubbk
686 _aЭ376,0
700 1 _4070
_8rus
_7ca
_aЧо
_bД. Й.
_f1936-
_gДэвид Йонгги
_3RU\NLR\AUTH\7739465
_922449
801 0 _aRU
_bRKP
_c20020212
_gPSBO
801 1 _aRU
_bRKP
_c20020212
801 2 _aRU
_bNLR
_c20020522
_grcr
942 _cBOOK
980 _aNB
980 _aNBR